000 00203 a2200097 4500
001 57539
100 _a
245 _aSare Wadi Seena
260 _aKarachi
_bDanial
_c1992
090 _c35269
_d35269
942 _aNUST-CAE
_cMONOGRAPH
_c28079
999 _c292612
_d292612